| 000 | 00000nam##2200000za#4500 |
| 001 | 9.631601 |
| 003 | CaOODSP |
| 005 | 20210624214414 |
| 007 | cr ||||||||||| |
| 008 | 150407|2004||||xxc|||||o f|0| 0 fre|d |
| 040 | |aCaOODSP|bfre |
| 043 | |an-cn--- |
| 086 | 1 |aRC31-23/2004F-PDF |
| 110 | 1 |aCanada.|bCommission des revendications des Indiens. |
| 245 | 10|aRapport de médiation sur la revendication de la Première Nation de Thunderchild relative à la cession de 1908 |h[ressource électronique] |
| 260 | |aOttawa - Ontario : |bCommission des revendications des Indiens |c2004. |
| 300 | |a[16]p.|bcartes, références |
| 520 | 3 |aCe rapport renferme un bref historique de la revendication de la Première Nation de Thunderchild relative à la cession de 1908 et un résumé des négociations ayant conduit au règlement de la revendication en septembre 2003. La revendication, qui a été présentée officiellement en février 1986, invoquait que la cession de 1908 de la réserve de Thunderchild était, notamment, nulle et non avenue. |
| 590 | |a04-38|b2004-09-17 |
| 691 | 07|aRevendication territoriale|2gcpds |
| 691 | 07|aAutochtones|2gcpds |
| 775 | 08|tReport on the mediation of the Thunderchild First Nation 1908 surrender claim |w(CaOODSP)9.687140 |
| 776 | 0#|tRapport de médiation sur la revendication de la Première Nation de Thunderchild relative à la cession de 1908 |w(CaOODSP)9.682631 |
| 856 | 40|ahttp://publications.gc.ca|qPDF|s330 Ko|uhttps://publications.gc.ca/collections/Collection/RC31-23-2004F.pdf |